Estatísticas para Países mais Visitados por Presidentes dos Estados Unidos

Clique aqui para jogar o quiz

Estatísticas Gerais

  • Esse quiz foi jogado 1,930 vezes
    (459 desde o último reset)
  • A pontuação média é 17 de 21

Estatísticas das Respostas

# de Visitas País % Correto
13Brasil
99%
33México
98%
47França
97%
13China
97%
42Reino Unido
97%
40Canadá
95%
32Alemanha
95%
10Espanha
95%
23Japão
94%
15Rússia
94%
31Itália
91%
19Coreia do Sul
87%
16Egito
70%
14Polônia
70%
12Arábia Saudita
68%
11Israel
68%
19Bélgica
66%
11Irlanda
66%
21Vaticano
44%
10Panamá
43%
10Filipinas
40%

Distribuição das Pontuações

Percentil de Números Respondidos

Porcentagem de Pessoas com Cada Pontuação

Sua Pontuação Histórica

Você não jogou esse quiz desde o último reset